Chelsea Players - Statistics

General Stats
  • This quiz has been taken 24 times
  • The average score is 15 of 16
Answer Stats
Picture Answer % Correct
Cole Palmer
100%
Didier Drogba
100%
Edan Hazard
100%
Frank Lampard
100%
John Terry
100%
N'Golo Kanté
100%
Petr Cech
100%
Ruud Gullit
100%
Ashley Cole
96%
Diego Costa
96%
Gianfranco Zola
91%
Marcel Desailly
83%
Michael Essien
83%
Moisés Caicedo
83%
Claude Makélélé
74%
Dennis Wise
48%
No matching quizzes found
Score Distribution
Percent of People with Each Score
Percentile by Number Answered
Your Score History
You have not taken this quiz